Organisation theory and behaviour (Record no. 88829)

MARC details
000 -LEADER
fixed length control field 00528nam a2200193Ia 4500
008 - FIXED-LENGTH DATA ELEMENTS--GENERAL INFORMATION
fixed length control field 230125s9999 xx 000 0 und d
041 ## - LANGUAGE CODE
Language code of text/sound track or separate title eng
082 ## - DEWEY DECIMAL CLASSIFICATION NUMBER
Classification number 302.35
Item number SIN CHH
100 ## - MAIN ENTRY--PERSONAL NAME
Personal name Chhabra T N
9 (RLIN) 110833
245 ## - TITLE STATEMENT
Title Organisation theory and behaviour
260 ## - PUBLICATION, DISTRIBUTION, ETC. (IMPRINT)
Date of publication, distribution, etc. 1996
Name of publisher, distributor, etc. Dhanpat Rai and sons
Place of publication, distribution, etc. New Delhi
300 ## - PHYSICAL DESCRIPTION
Extent 687p
500 ## - GENERAL NOTE
Keywords Organisational Behaviour,OB
500 ## - GENERAL NOTE
Keywords OB
650 ## - SUBJECT ADDED ENTRY--TOPICAL TERM
Topical term or geographic name as entry element Organisational behaviour
700 ## - ADDED ENTRY--PERSONAL NAME
Personal name Chhabra T N & Singh B P
9 (RLIN) 111914
906 ## - LOCAL DATA ELEMENT F, LDF (RLIN)
b 14
Holdings
Withdrawn status Lost status Damaged status Not for loan Home library Current library Date acquired Vendor Cost, normal purchase price Bill number Full call number Barcode Date last seen Cost, replacement price Bill Date Koha item type Original Barcode
Withdrawn 2022-23       Smt. Hiraben Nanavati Institute of Management & Research for Women Smt. Hiraben Nanavati Institute of Management & Research for Women 13/01/1997 Varma Book Distributor 90.00 11390 302.35 SIN/CHH B00067 HIMR-BK-67 25/01/2023 76.00 13/01/1997 Books B00067